| 000 | 00452nam a22001577a 4500 | ||
|---|---|---|---|
| 003 | OSt | ||
| 005 | 20251208132753.0 | ||
| 008 | 251208b |||||||| |||| 00| 0 eng d | ||
| 020 | _a0195081110 | ||
| 040 | _cOXFORD UNIVERSITY PRESS | ||
| 050 |
_aHQ 1419 .S57 1994 _b .S57 1994 |
||
| 245 |
_aNEW PATHS TO POWER: _bAMERICAN WOMEN/ _cSMITH, KAREN MANNERS |
||
| 250 | _a1ST EDITION | ||
| 260 |
_aNEW YORK: _bOXFORD UNIVERSITY PRESS, _c1994 |
||
| 942 |
_2lcc _cBK _n0 |
||
| 999 |
_c9899 _d9899 |
||